| 000 | 00716nam a2200217 a 4500 | ||
|---|---|---|---|
| 005 | 20210223122516.0 | ||
| 008 | 991125s1979 mx 000 0 spa u | ||
| 020 | _a9684340230 | ||
| 035 | _aUPN01000036848 | ||
| 049 | _aCG | ||
| 050 | 4 |
_aHG538 _bM3.4 1979 |
|
| 245 | 0 | 3 |
_aEl marco monetario de Milton Friedman : _bun debate con sus críticos / _cMilton Friedman ... [et al.] ; ed. por Robert J. Gordon ; tr. José Mendoza de la Mora. |
| 250 | _a2a ed. | ||
| 260 |
_aMéxico : _bPremia, _c1979. |
||
| 300 | _a225 p. | ||
| 440 | 3 |
_aLa red de Jonás. _pEnsayo |
|
| 650 | 4 |
_aPOLITICA MONETARIA - _zESTADOS UNIDOS _91443 |
|
| 700 | 1 |
_aFriedman, Milton, _ecoaut. |
|
| 700 | 1 |
_aGordon, Robert J., _eed. |
|
| 905 | _aLibro | ||
| 999 |
_c36848 _d36848 |
||